[Event "New York Mem Day 1000 GM IM-B"]
[Site "New York"]
[Date "2023.05.27"]
[Round "4.2"]
[White "Nagy, Gabor"]
[Black "Bisiriyu Salam, Oluwaseun"]
[Result "1-0"]
[WhiteElo "2468"]
[BlackElo "2011"]
[PlyCount "95"]
[EventDate "2023.05.25"]
[EventType "schev"]
[EventRounds "9"]
[EventCountry "USA"]
[SourceTitle "CBM 214 Extra"]
[Source "ChessBase"]
[SourceDate "2023.07.31"]
[SourceVersion "1"]
[SourceVersionDate "2023.07.31"]
[SourceQuality "1"]
[WhiteTeam "Team A"]
[BlackTeam "Team D"]
[WhiteTeamCountry "USA"]
[BlackTeamCountry "USA"]

1. c4 Nf6 2. Nc3 e6 3. Nf3 b6 4. e4 d6 5. d4 Be7 6. Bd3 Bb7 7. 0-0 0-0 8. e5 Nfd7 9. Bc2 dxe5 10. dxe5 Nc5 11. Qe2 a5 12. Rd1 Nbd7 13. Bf4 Qc8 14. Rd4 f5 15. Rad1 Bc6 16. R4d2 Qb7 17. Nd5 Rae8 18. Nxe7+ Rxe7 19. h4 Ne4 20. Rd4 Ndc5 21. Ne1 Na6 22. f3 Nec5 23. b3 Nb4 24. Bb1 Be8 25. R4d2 h6 26. Qe3 Nd7 27. Qc3 Qc6 28. Qe3 Qc5 29. Qxc5 bxc5 30. Be3 f4 31. Bf2 Nc6 32. Nd3 Bg6 33. Nxc5 Ndxe5 34. Ne4 Rb8 35. Re2 Kf7 36. Be1 Rd7 37. Rxd7+ Nxd7 38. Ng5+ hxg5 39. Bxg6+ Kxg6 40. Rxe6+ Kf5 41. Rxc6 a4 42. Rxc7 axb3 43. axb3 Ne5 44. Bc3 Nd3 45. Rd7 Nc1 46. Rd5+ Ke6 47. Re5+ Kd6 48. Re1 1-0

[Event "Charlotte CCCSA Summer IM-D"]
[Site "Charlotte"]
[Date "2022.07.27"]
[Round "6"]
[White "Canty, James H"]
[Black "Bisiriyu Salam, Oluwaseun"]
[Result "1/2-1/2"]
[WhiteElo "2175"]
[BlackElo "1992"]
[PlyCount "57"]
[EventDate "2022.07.24"]
[EventType "tourn"]
[EventRounds "9"]
[EventCountry "USA"]
[SourceTitle "CBM 209 Extra"]
[Source "ChessBase"]
[SourceDate "2022.09.30"]
[SourceVersion "1"]
[SourceVersionDate "2022.09.30"]
[SourceQuality "1"]

1. d4 Nf6 2. Nc3 d5 3. Bf4 a6 4. e3 Bf5 5. f3 h5 6. Bd3 Bxd3 7. Qxd3 Nc6 8. 0-0-0 Qd7 9. e4 e6 10. Nge2 0-0-0 11. h3 Be7 12. Kb1 Na5 13. b3 Ba3 14. Ka1 Nc6 15. Nb1 Be7 16. e5 Nh7 17. Bc1 Nf8 18. Bb2 Ng6 19. f4 h4 20. a3 Bf8 21. Nd2 Nce7 22. Rc1 Nf5 23. c3 Kb8 24. b4 Qa4 25. Rb1 Nge7 26. Bc1 Nc8 27. Rb3 Nb6 28. Ka2 Qb5 29. Qf3 1/2-1/2

[Event "Charlotte CCCSA Summer IM-D"]
[Site "Charlotte"]
[Date "2022.07.26"]
[Round "4"]
[White "Chasin, Nico Werner"]
[Black "Bisiriyu Salam, Oluwaseun"]
[Result "1-0"]
[WhiteElo "2285"]
[BlackElo "1992"]
[PlyCount "69"]
[EventDate "2022.07.24"]
[EventType "tourn"]
[EventRounds "9"]
[EventCountry "USA"]
[SourceTitle "CBM 209 Extra"]
[Source "ChessBase"]
[SourceDate "2022.09.30"]
[SourceVersion "1"]
[SourceVersionDate "2022.09.30"]
[SourceQuality "1"]

1. d4 Nf6 2. c4 e5 3. dxe5 Ng4 4. Nf3 Bc5 5. e3 Nc6 6. Be2 0-0 7. 0-0 Re8 8. Nc3 Ngxe5 9. b3 a5 10. Bb2 Nxf3+ 11. Bxf3 Ne5 12. Be2 Ra6 13. Ne4 Bf8 14. f4 Ng4 15. Bxg4 Rxe4 16. Qd3 Re8 17. Rf3 Rd6 18. Qe2 b6 19. Rh3 Bb7 20. Be5 Rg6 21. Rd1 d6 22. Bc3 f5 23. Bxf5 Rxg2+ 24. Qxg2 Bxg2 25. Bxh7+ Kf7 26. Kxg2 g6 27. Rg3 Re6 28. f5 Qa8+ 29. Rd5 gxf5 30. Bxf5 Rh6 31. Be4 Qd8 32. Rf5+ Ke6 33. Rxf8 Rxh2+ 34. Kxh2 Qh4+ 35. Rh3 1-0

[Event "Charlotte CCCSA Summer IM-D"]
[Site "Charlotte"]
[Date "2022.07.25"]
[Round "3"]
[White "Bisiriyu Salam, Oluwaseun"]
[Black "Wen, Teddie"]
[Result "1/2-1/2"]
[WhiteElo "1992"]
[BlackElo "2234"]
[PlyCount "100"]
[EventDate "2022.07.24"]
[EventType "tourn"]
[EventRounds "9"]
[EventCountry "USA"]
[SourceTitle "CBM 209 Extra"]
[Source "ChessBase"]
[SourceDate "2022.09.30"]
[SourceVersion "1"]
[SourceVersionDate "2022.09.30"]
[SourceQuality "1"]

1. d4 Nf6 2. Nf3 g6 3. g3 Bg7 4. Bg2 0-0 5. c4 d6 6. 0-0 Nbd7 7. b3 c6 8. Bb2 Re8 9. Nbd2 e5 10. dxe5 dxe5 11. e4 a5 12. Qc2 Qc7 13. c5 Bf8 14. Ba3 Qb8 15. Ne1 b6 16. Nd3 Ba6 17. Nc4 Bxc4 18. Qxc4 b5 19. Qc2 Nh5 20. Bh3 Qc7 21. Bc1 Ng7 22. Be3 Ne6 23. Bxe6 Rxe6 24. a3 Bg7 25. Rac1 Nf8 26. f4 exf4 27. Bxf4 Qd7 28. Nf2 Rae8 29. Rcd1 Qe7 30. Bd6 Qg5 31. Rd3 Nd7 32. Rf3 Ne5 33. Bxe5 Bxe5 34. Rxf7 Bd4 35. Kg2 Qxc5 36. Qd2 Qc3 37. Qf4 Be5 38. Qh4 h5 39. Nh3 Bg7 40. Ng5 R6e7 41. Qf4 Qe5 42. Qxe5 Rxe5 43. h4 Bh6 44. Nh7 Rxe4 45. Rc7 Re2+ 46. Kh3 Bg7 47. Rff7 Be5 48. Nf6+ Bxf6 49. Rxf6 R8e6 50. Rff7 Re1 1/2-1/2

[Event "Charlotte CCCSA Summer IM-D"]
[Site "Charlotte"]
[Date "2022.07.25"]
[Round "2"]
[White "Leyva Rivera, Yunier"]
[Black "Bisiriyu Salam, Oluwaseun"]
[Result "1-0"]
[WhiteElo "2379"]
[BlackElo "1992"]
[PlyCount "57"]
[EventDate "2022.07.24"]
[EventType "tourn"]
[EventRounds "9"]
[EventCountry "USA"]
[SourceTitle "CBM 209 Extra"]
[Source "ChessBase"]
[SourceDate "2022.09.30"]
[SourceVersion "1"]
[SourceVersionDate "2022.09.30"]
[SourceQuality "1"]

1. d4 Nf6 2. Nf3 d5 3. c4 e6 4. Nc3 Be7 5. cxd5 exd5 6. Bg5 0-0 7. e3 Nbd7 8. Bd3 c6 9. Qc2 Re8 10. 0-0 Ne4 11. Bxe4 Bxg5 12. Bxh7+ Kh8 13. Bd3 Bh6 14. b4 a6 15. a4 g6 16. b5 axb5 17. axb5 Rxa1 18. Rxa1 Qf6 19. bxc6 bxc6 20. Ba6 Bf8 21. Bxc8 Rxc8 22. Nxd5 Qd8 23. Nf4 c5 24. dxc5 Rxc5 25. Qd3 Qf6 26. Rd1 Nb6 27. h4 Kg7 28. Ng5 Nc4 29. Nh5+ 1-0

[Event "New York Marshall CC"]
[Site "New York"]
[Date "2015.11.14"]
[Round "9"]
[White "Bisiriyu Salam, Oluwaseun"]
[Black "Jacobson, Brandon"]
[Result "1/2-1/2"]
[WhiteElo "2102"]
[BlackElo "2236"]
[PlyCount "101"]
[EventDate "2015.11.06"]
[EventType "tourn"]
[EventRounds "9"]
[EventCountry "USA"]
[SourceTitle "CBM 169 Extra"]
[Source "ChessBase"]
[SourceDate "2015.12.18"]
[SourceVersion "1"]
[SourceVersionDate "2015.12.18"]
[SourceQuality "1"]

1. d4 d5 2. Nf3 Nf6 3. e3 c6 4. Bd3 Bg4 5. h3 Bh5 6. Nbd2 Nbd7 7. c4 e6 8. 0-0 Bd6 9. Qc2 0-0 10. b3 Bg6 11. Bb2 Rc8 12. Bxg6 hxg6 13. e4 dxe4 14. Nxe4 Nxe4 15. Qxe4 Nf6 16. Qh4 Nh5 17. Qe4 Qe7 18. Rfe1 Rfe8 19. Ne5 Nf6 20. Qf3 c5 21. Rad1 Rcd8 22. dxc5 Bxc5 23. Rxd8 Rxd8 24. Rd1 Rxd1+ 25. Qxd1 Ne4 26. Nd3 Qh4 27. Qe2 Bb6 28. b4 Nf6 29. c5 Bc7 30. a3 Qc4 31. Qf3 Nd5 32. Be5 Bd8 33. Bb8 a5 34. Qxf7+ Kxf7 35. Ne5+ Ke7 36. Nxc4 axb4 37. axb4 Nxb4 38. Bd6+ Ke8 39. Be5 Be7 40. Na5 Nd3 41. Bxg7 Nxc5 42. Bd4 Kd7 43. g4 b5 44. h4 Bd8 45. Bxc5 Bxa5 46. Bd4 Bc7 47. h5 gxh5 48. gxh5 e5 49. Bb2 Ke6 50. h6 Kf7 51. f4 1/2-1/2

[Event "New York Marshall CC"]
[Site "New York"]
[Date "2015.11.13"]
[Round "7"]
[White "Bisiriyu Salam, Oluwaseun"]
[Black "Bryant, Todd C"]
[Result "1-0"]
[WhiteElo "2102"]
[BlackElo "2112"]
[PlyCount "127"]
[EventDate "2015.11.06"]
[EventType "tourn"]
[EventRounds "9"]
[EventCountry "USA"]
[SourceTitle "CBM 169 Extra"]
[Source "ChessBase"]
[SourceDate "2015.12.18"]
[SourceVersion "1"]
[SourceVersionDate "2015.12.18"]
[SourceQuality "1"]

1. d4 Nf6 2. Nf3 g6 3. Nbd2 d5 4. e3 Bg7 5. Bd3 0-0 6. 0-0 c5 7. b3 b6 8. Bb2 Bb7 9. Re1 Ne4 10. Nf1 Nd7 11. Qe2 Rc8 12. Rad1 e6 13. c4 Qe7 14. Ne5 Nxe5 15. dxe5 f6 16. Bxe4 dxe4 17. exf6 Bxf6 18. Rd2 Bxb2 19. Rxb2 Rf7 20. Rd1 Rcf8 21. Qg4 Qf6 22. Rbd2 h5 23. Qg3 Bc8 24. h4 Kh7 25. Qg5 Qxg5 26. hxg5 h4 27. Nh2 e5 28. Rd8 Rf5 29. Rxf8 Rxf8 30. f3 exf3 31. gxf3 Rf7 32. e4 Be6 33. Kg2 Kg7 34. Rd6 Re7 35. Nf1 Kf7 36. Ne3 Re8 37. Nd5 Rh8 38. Kh2 Rh5 39. Nc7 Bc8 40. Rf6+ Kg7 41. Ne8+ Kh7 42. Rc6 Rxg5 43. Rxc8 Rg3 44. Rc7+ Kg8 45. Nf6+ Kf8 46. Nd7+ Ke7 47. Rxa7 Kd6 48. Nxb6 Rxf3 49. Nd5 g5 50. Ra6+ Kd7 51. Nf6+ Ke7 52. Ng4 Rf4 53. Nxe5 Rxe4 54. Nd3 Re2+ 55. Kg1 h3 56. Nxc5 g4 57. Re6+ Rxe6 58. Nxe6 Kxe6 59. a4 g3 60. a5 Kd6 61. b4 Kc6 62. b5+ Kc5 63. a6 Kb6 64. Kh1 1-0

[Event "New York Marshall CC"]
[Site "New York"]
[Date "2015.11.08"]
[Round "5"]
[White "Bisiriyu Salam, Oluwaseun"]
[Black "Jacobson, Aaron"]
[Result "1/2-1/2"]
[WhiteElo "2102"]
[BlackElo "2123"]
[PlyCount "116"]
[EventDate "2015.11.06"]
[EventType "tourn"]
[EventRounds "9"]
[EventCountry "USA"]
[SourceTitle "CBM 169 Extra"]
[Source "ChessBase"]
[SourceDate "2015.12.18"]
[SourceVersion "1"]
[SourceVersionDate "2015.12.18"]
[SourceQuality "1"]

1. d4 Nf6 2. Nf3 d5 3. Bf4 c5 4. c3 e6 5. e3 Nc6 6. Nbd2 Bd6 7. Bg3 0-0 8. Bd3 Qe7 9. Ne5 Nd7 10. Qh5 g6 11. Nxc6 bxc6 12. Qh6 e5 13. dxe5 Nxe5 14. Be2 f5 15. 0-0 Bc7 16. Qh4 Qxh4 17. Bxh4 Rf7 18. Rfe1 a5 19. a4 Rb8 20. b3 Nd7 21. f3 Be5 22. Rac1 Nf6 23. Bf2 Bd7 24. g3 Bd6 25. Bd3 Kg7 26. Kg2 Re7 27. h3 h5 28. h4 Be8 29. e4 fxe4 30. fxe4 Bf7 31. e5 Rxe5 32. Rxe5 Bxe5 33. Bxc5 Nd7 34. Be3 Bf6 35. Bf4 Re8 36. b4 Ra8 37. b5 Nc5 38. Bf1 cxb5 39. Bxb5 Ne6 40. Be3 Rc8 41. c4 d4 42. Bf2 Nc5 43. Rd1 Rc7 44. Nf3 d3 45. Ne1 Ne4 46. Bb6 Rc8 47. Nxd3 Bxc4 48. Bxa5 Bb3 49. Rc1 Ra8 50. Rc7+ Kh6 51. Bb6 Bxa4 52. Be3+ g5 53. Bc4 Nd6 54. Bd5 Rc8 55. Rxc8 Nxc8 56. Nc5 Ne7 57. Be6 Bc6+ 58. Kf2 Kg6 1/2-1/2